| Tag |
First Indicator |
Second Indicator |
Subfields |
| LEADER |
00000cam a2200000 i 4500 |
| 001 |
in00003602003 |
| 005 |
20151119131136.0 |
| 008 |
150401t20152015enka b 001 0 eng c |
| 010 |
|
|
|a 2015013366
|
| 035 |
|
|
|a (OCoLC)ocn885224579
|
| 040 |
|
|
|a IEN/DLC
|b eng
|e rda
|c STF
|d INU
|d DLC
|d YDXCP
|d BTCTA
|d BDX
|d ERASA
|d CDX
|d OCLCF
|d IUL
|
| 019 |
|
|
|a 919000034
|
| 020 |
|
|
|a 9781472588791
|q HB
|
| 020 |
|
|
|a 1472588797
|q HB
|
| 020 |
|
|
|a 9781472588807
|q PB
|
| 020 |
|
|
|a 1472588800
|q PB
|
| 020 |
|
|
|z 9781472588821
|q ePDF
|
| 020 |
|
|
|z 1472588827
|q ePDF
|
| 020 |
|
|
|z 9781472588814
|q ePub
|
| 020 |
|
|
|z 1472588819
|q ePub
|
| 024 |
8 |
|
|a 40025204767
|
| 035 |
|
|
|a (OCoLC)885224579
|
| 042 |
|
|
|a pcc
|
| 043 |
|
|
|a aw-----
|
| 050 |
0 |
0 |
|a DS48
|b .M22 2015
|
| 082 |
0 |
4 |
|a 915.604/2
|2 23
|
| 049 |
|
|
|a TXAM
|
| 100 |
1 |
|
|a Mairs, Rachel,
|e author.
|
| 245 |
1 |
0 |
|a Archaeologists, tourists, interpreters :
|b exploring Egypt and the Near East in the late 19th-early 20th centuries /
|c Rachel Mairs and Maya Muratov.
|
| 264 |
|
1 |
|a London :
|b Bloomsbury Academic, an imprint of Bloomsbury Publishing Plc,
|c 2015.
|
| 264 |
|
4 |
|c ©2015
|
| 300 |
|
|
|a xii, 147 pages :
|b illustrations ;
|c 24 cm.
|
| 336 |
|
|
|a text
|b txt
|2 rdacontent
|
| 337 |
|
|
|a unmediated
|b n
|2 rdamedia
|
| 338 |
|
|
|a volume
|b nc
|2 rdacarrier
|
| 490 |
1 |
|
|a Bloomsbury Egyptology
|
| 504 |
|
|
|a Includes bibliographical references (pages 135-144) and index.
|
| 505 |
0 |
0 |
|g 1.
|t Introduction: interpreting the Orient --
|g 2.
|t Mediating Language and Culture:
|t Dragomans and tourists;
|t The profession of dragoman;
|t Innocents abroad;
|t Managing clients;
|t Learning Arabic --
|g 3.
|t Archaeologists in the Field:
|t Flinders Petrie in Egypt and Palestine;
|t T. E. Lawrence in Egypt and Syria;
|t Sir Leonard Woolley;
|t Max Mallowan and Agatha Christie --
|g 4.
|t Americans in the "Land of the Bible":
|t The Wolfe expedition; The Babylonian expedition of the University of Pennsylvania 1888-90: first and second campaigns --
|g 5.
|t Daniel Z. Noorian: the "Afterlife" of an Interpreter --
|g 6.
|t Solomon Negima: a Dragoman and his Clients:
|t The testimonial book of dragoman Solomon N. Negima;
|t Interpreter on the Nile;
|t Dragoman in Palestine;
|t Oxford to Palestine and alone through Syria;
|t Floyd House --
|g 7.
|t Conclusion.
|
| 650 |
|
0 |
|a Dragomen
|z Middle East
|x History
|y 19th century.
|
| 650 |
|
0 |
|a Dragomen
|z Middle East
|x History
|y 20th century.
|
| 650 |
|
0 |
|a Travelers
|z Middle East.
|
| 650 |
|
0 |
|a Europeans
|z Middle East.
|
| 650 |
|
0 |
|a Americans
|z Middle East.
|
| 651 |
|
0 |
|a Middle East
|x Description and travel.
|
| 655 |
|
7 |
|a History.
|2 fast
|0 (OCoLC)fst01411628
|
| 650 |
|
7 |
|a Americans.
|2 fast
|0 (OCoLC)fst00807488
|
| 650 |
|
7 |
|a Dragomen.
|2 fast
|0 (OCoLC)fst00897367
|
| 650 |
|
7 |
|a Europeans.
|2 fast
|0 (OCoLC)fst00916820
|
| 650 |
|
7 |
|a Travel.
|2 fast
|0 (OCoLC)fst01155558
|
| 650 |
|
7 |
|a Travelers.
|2 fast
|0 (OCoLC)fst01155691
|
| 651 |
|
7 |
|a Middle East.
|2 fast
|0 (OCoLC)fst01241586
|
| 648 |
|
7 |
|a 1800 - 1999
|2 fast
|
| 700 |
1 |
|
|a Muratov, Maya,
|e author.
|
| 830 |
|
0 |
|a Bloomsbury Egyptology.
|
| 938 |
|
|
|a Brodart
|b BROD
|n 110030583
|
| 938 |
|
|
|a Baker and Taylor
|b BTCP
|n BK0015356174
|
| 938 |
|
|
|a YBP Library Services
|b YANK
|n 12005342
|
| 938 |
|
|
|a Erasmus Boekhandel
|b ERAA
|n NTS0000203213
|
| 938 |
|
|
|a YBP Library Services
|b YANK
|n 12187632
|
| 938 |
|
|
|a Coutts Information Services
|b COUT
|n 28718910
|
| 947 |
|
|
|a A14842920655
|
| 945 |
|
|
|a PromptCat
|b 395898
|
| 946 |
|
|
|a stk
|
| 994 |
|
|
|a 92
|b TXA
|
| 948 |
|
|
|a Cataloged
|b h
|c 2015/11/19
|d c
|e AReeder
|
| 999 |
f |
f |
|s ad325961-14f8-3a9a-a7d7-0267673a204e
|i 39f0a6b0-cf7e-3d46-855e-a2ba979c2329
|t 0
|
| 952 |
f |
f |
|p normal
|a Texas A&M University
|b College Station
|c Sterling C. Evans Library
|d Evans: Library Stacks
|t 0
|e DS48 .M22 2015
|h Library of Congress classification
|i unmediated -- volume
|m A14842920655
|
| 998 |
f |
f |
|a DS48 .M22 2015
|t 0
|l Evans: Library Stacks
|